| 000 | 00737nam a2200217 a 4500 | ||
|---|---|---|---|
| 999 |
_c2651 _d2651 |
||
| 001 | 2651 | ||
| 003 | BD-JhCC | ||
| 005 | 20171105185857.0 | ||
| 008 | 171105s1369 xxua|||| ||a| 000 0 ben d | ||
| 035 | _a(BD-JhCC)2651 | ||
| 040 |
_aBD-JhCC _dBD-JhCC |
||
| 041 | _aben | ||
| 082 |
_a891.443 _bNAK1369 |
||
| 245 |
_aহুতোম প্যাঁচার নকশী / _cনারায়ন গঙ্গোপাধ্যায়ের সম্পদনা |
||
| 260 |
_aঢাকা : _bনতুন সাহিত্য ভবন, _c১৩৬৮. |
||
| 300 |
_a192 p. : _c20 cm |
||
| 650 | _aBengali Novel | ||
| 700 | _aগঙ্গোপাধ্যায়ের, নারায়ন | ||
| 942 |
_2ddc _cBK |
||